A COGNITIVE-APPRAISAL BASED MODEL OF CHANGE RECIPIENTS’ BEHAVIORAL RESPONSES TO A MAJOR ORGANIZATIONAL CHANGE/ (Record no. 609839)
[ view plain ]
| 000 -LEADER | |
|---|---|
| fixed length control field | 00589nam a22001697a 4500 |
| 003 - CONTROL NUMBER IDENTIFIER | |
| control field | NUST |
| 038 ## - RECORD CONTENT LICENSOR | |
| Staff Name | usrat Nadeem |
| 082 ## - DEWEY DECIMAL CLASSIFICATION NUMBER | |
| Classification number | 200 |
| 100 ## - MAIN ENTRY--PERSONAL NAME | |
| Personal name | Malik, Ambreen |
| 245 ## - TITLE STATEMENT | |
| Title | A COGNITIVE-APPRAISAL BASED MODEL OF CHANGE RECIPIENTS’ BEHAVIORAL RESPONSES TO A MAJOR ORGANIZATIONAL CHANGE/ |
| Statement of responsibility, etc. | Ambreen Malik |
| 264 ## - PRODUCTION, PUBLICATION, DISTRIBUTION, MANUFACTURE, AND COPYRIGHT NOTICE | |
| Place of production, publication, distribution, manufacture | Islamabad; |
| Name of producer, publisher, distributor, manufacturer | NBS NUST; |
| Date of production, publication, distribution, manufacture, or copyright notice | 2024. |
| 300 ## - PHYSICAL DESCRIPTION | |
| Extent | 172,p; |
| Other physical details | ill; |
| Dimensions | 30,cm. |
| 650 ## - SUBJECT ADDED ENTRY--TOPICAL TERM | |
| Topical term or geographic name entry element | PhD-Business Administration |
| 700 ## - ADDED ENTRY--PERSONAL NAME | |
| Personal name | Supervisor: Dr. Naukhez Sarwar |
| 856 ## - ELECTRONIC LOCATION AND ACCESS | |
| Uniform Resource Identifier | <a href="http://10.250.8.41:8080/xmlui/handle/123456789/44038">http://10.250.8.41:8080/xmlui/handle/123456789/44038</a> |
| 942 ## - ADDED ENTRY ELEMENTS (KOHA) | |
| Source of classification or shelving scheme | |
| Koha item type | Soft Copy |
| Withdrawn status | Permanent Location | Current Location | Date acquired | Full call number | Barcode | Koha item type |
|---|---|---|---|---|---|---|
| Central Library (CL) | Central Library (CL) | 06/24/2024 | 200 | CLPT-635 | Soft Copy |
